000 00410nam a2200157 4500
001 113166
003 ES-MaACL
005 20230906185800.0
007 t|
008 061121s1917 fr r ||||1| fre d
100 1 _aMuzet, Alphonse.
_984741
245 1 3 _aLe monde balkanique /
_cAlphonse Muzet.
260 _aParis :
_bHesumerlĂ© et CÂȘ,
_c1917.
300 _a314 p. ;
_c18 cm.
852 _aES-MaACL
_jF-6385
999 _c113166
_d113166